[Event "Voronezh op-A 17th"]
[Site "Voronezh"]
[Date "2013.06.19"]
[Round "7"]
[White "Ieromonakhov, Nikolay"]
[Black "Bykova, Anastasia"]
[Result "0-1"]
[WhiteElo "1907"]
[BlackElo "2072"]
[PlyCount "110"]
[EventDate "2013.06.12"]
[EventType "swiss"]
[EventRounds "9"]
[EventCountry "RUS"]
[SourceTitle "EXT 2014"]
[Source "ChessBase"]
[SourceDate "2013.11.20"]
[SourceVersion "1"]
[SourceVersionDate "2013.11.20"]
[SourceQuality "1"]

1. d4 d5 2. Nf3 Nf6 3. Bf4 Bf5 4. h3 h6 5. e3 e6 6. Bd3 Bxd3 7. Qxd3 c6 8. Nbd2 Nbd7 9. Bh2 Be7 10. 0-0 0-0 11. c3 a5 12. Kh1 Qb6 13. Rab1 Qa6 14. Qc2 b5 15. Ne5 c5 16. f4 Rac8 17. Qd3 Qb7 18. Nxd7 Qxd7 19. Rf2 c4 20. Qc2 b4 21. Rbf1 Nh7 22. f5 Bg5 23. Bf4 Bh4 24. g3 Be7 25. g4 Ra8 26. Nf3 Ra6 27. Ne5 Qb7 28. Rh2 f6 29. Ng6 Re8 30. h4 Bd8 31. Rg1 Qc8 32. Re1 exf5 33. gxf5 Re4 34. Qg2 Qxf5 35. Rg1 Ra7 36. Bxh6 Qh5 37. Bf4 Bc7 38. Qh3 f5 39. Rhg2 Bxf4 40. Nxf4 Qf7 41. Rxg7+ Qxg7 42. Rxg7+ Rxg7 43. Qxf5 Rxe3 44. Qxd5+ Kh8 45. Qd8+ Rg8 46. Qxa5 bxc3 47. bxc3 Nf6 48. Kh2 Re4 49. Qc7 Ng4+ 50. Kg3 Ne5+ 51. Kh2 Nf3+ 52. Kh3 Re1 53. Ng6+ Rxg6 54. Qd8+ Kh7 55. Qd7+ Kh6 0-1

[Event "Voronezh op-A 17th"]
[Site "Voronezh"]
[Date "2013.06.18"]
[Round "6"]
[White "Redikultsev, Boris"]
[Black "Ieromonakhov, Nikolay"]
[Result "0-1"]
[WhiteElo "1988"]
[BlackElo "1907"]
[PlyCount "86"]
[EventDate "2013.06.12"]
[EventType "swiss"]
[EventRounds "9"]
[EventCountry "RUS"]
[SourceTitle "EXT 2014"]
[Source "ChessBase"]
[SourceDate "2013.11.20"]
[SourceVersion "1"]
[SourceVersionDate "2013.11.20"]
[SourceQuality "1"]

1. g3 h5 2. Nf3 b6 3. d4 Bb7 4. Bg2 e6 5. Bf4 Be7 6. c4 g5 7. Bd2 g4 8. Nh4 Bxg2 9. Nxg2 Nf6 10. Nc3 Nc6 11. Bf4 a6 12. Ne3 h4 13. Be5 hxg3 14. fxg3 d6 15. Qa4 Qd7 16. Bxf6 Bxf6 17. d5 Ne5 18. Qc2 0-0-0 19. Qe4 Kb8 20. dxe6 fxe6 21. Nxg4 Nxg4 22. Qxg4 Bxc3+ 23. bxc3 Rdg8 24. Qd4 e5 25. Qd3 Qh3 26. 0-0-0 Rf8 27. c5 dxc5 28. Qxa6 Qh6+ 29. Kb2 Rf2 30. h4 Qe3 31. Rhe1 Qxg3 32. h5 Rh2 33. Rh1 Rg2 34. h6 Qe3 35. Rhe1 Qxh6 36. Ka1 Qh3 37. Rd3 Qh2 38. c4 Rxe2 39. Rb1 Qh1 40. Rdd1 Qc6 41. Rd3 e4 42. Rc3 Qf6 43. Rbc1 Qxc3+ 0-1